000 00954nam a2200229Ia 4500
003 Ost
005 20260507074850.0
008 260507s9999||||xx |||||||||||||| ||und||
020 _a9960246051
040 _cfsecg
041 _aara
082 _a658.02
100 _aريد، روبرت
_eمؤلف
245 0 _aإدارة تسويق الضيافة /
_c روبرت ريد
260 _aالرياض:
_bدار المريخ للنشر,
_c2007
300 _a647 صفحة؛
_bإيضاحات ؛
_c24 سم
520 _aيضم مقدمة لتسويق الضيافة، فهم مستهلكي الضيافة واستهدافاتهم، تخطيط التسويق والمعلومات، استراتيجيات التوزيع وخليط المنتج، خليط الترويج.
653 _aإدارة التسويق
653 _aالفنادق- تنظيم وإدارة
700 _aبوجانيك، دافيد
_eمؤلف ثانوي
942 _cكتاب
999 _c41566
_d41566